000 00361 a2200157 4500
001 59276
020 _a
040 _cAnchieta - Pituba
100 _aFreitas, Renato Garcia de
240 1 0 _aProblemas e exercícios de química
_lpor
245 1 0 _aProblemas e exercícios de química
300 _a293
362 0 _a2007
650 4 _aQuímica
942 _cBK
999 _c59276
_d59276